| 000 | 00665nam a2200217 a 4500 | ||
|---|---|---|---|
| 005 | 20140310183513.0 | ||
| 008 | 101106s19uu xx 00 eng d | ||
| 020 | _a9700077331005 | ||
| 050 |
_aQA 76.5 _b.W5332 2011 |
||
| 100 | _aWilliams, Brian K. | ||
| 245 |
_aUsing Information Technology : _ba practical introduction to computers and communication / _cBrian K. Williams. |
||
| 250 | _a9th ed. | ||
| 260 |
_aNew York : _bMcGraw Hill, _c2011. |
||
| 300 |
_a420 p. : _bcol. ill. ; _c28 cm. |
||
| 521 | _aIT | ||
| 650 | _aComputers. | ||
| 650 | _aTelecommunication systems. | ||
| 650 | _aInformation technology. | ||
| 942 |
_cBK _2lcc _kFOR |
||
| 999 |
_c24235 _d24235 |
||